000 01348nam a22002777a 4500
999 _c6632
_d6632
003 OSt
005 20200317123240.0
008 200303s2010 ck ao||gr|||| 00| 0 spa d
020 _a9789589968239
040 _aCO-JMCR
_cCO-JMCR
041 0 _aspa
082 0 4 _a770.98918 /
_bR459d
100 1 _aReyna, María Soledad,
_eeditora
_91105
245 1 0 _aDel Cabo de la Vela a Nazareth /
_cdirección y edición María Soledad Reyna ; textos, Alberto Salcedo Ramos y Weildler Guerra Curvelo ; fotografía, Antonio Castañeda Buraglia
260 _aBogotá :
_bLetrarte Editores,
_cimpresión 2010
300 _a[110] páginas :
_bprincipalmente fotografías a color ;
_c25 cm.
490 0 _aPueblos
500 _aIncluye datos biográficos de los autores.
520 _aLa colección Pueblos, de Letrarte, es una invitación a recorrer el territorio colombiano con mirada sensible, serena y escrutadora, que descubra los pliegues íntimos del cuerpo y el alma de la patria, en 32 libros con imágenes representativas de los 32 departamentos.
650 1 4 _aCiudades y pueblos
_xfotografías
_vColombia
_91111
650 1 4 _aFotografías
_zGuajira
_91112
700 1 _aSalcedo Ramos, Alberto,
_etextos
_91113
700 1 _aGuerra Curvelo, Weildler,
_etextos
_91114
700 1 _aCastañeda Buraglia, Antonio,
_efotógrafo
_91110
942 _2ddc
_cBK